000 00958nam a2200289 a 4500
001 000015392
003 DO-SdBNP
005 20260321073639.0
008 100208s2005 dr 001 0 spa d
020 _a9993429376
040 _aDO-SdBNP
_bspa
_cBNPHU
049 _aBNPD
082 _a972.93053
_bE82t
100 1 _aEstrella Veloz, Santiago
_d1942-
_934769
245 1 0 _aTres maestros de la política /
_cSantiago Estrella Veloz.
260 _aSanto Domingo :
_bCollado,
_c2005.
300 _a161 p. ;
_c21 cm.
504 _aBibliografía : p. 160-161
600 1 0 _a Balaguer, Joaquín,
_d1906-2002
_976556
600 1 0 _a Bosch, Juan,
_d1909-2001
_976555
600 1 0 _aPeña Gomez, Jose Francisco ,
_d1937-1998
_92994
650 1 4 _aEstadístas dominicanos
_934770
651 1 4 _aRepública Dominicana
_xHistoria
_9170
651 1 0 _aRepública Dominicana
_xPolítica y gobierno
_945
910 _aValidado. Control de calidad MFF
942 _2ddc
_cLBS1
999 _c14954
_d14954